[Event "CAN-ch U20 1988-89"]
[Site "Winnipeg CAN"]
[Date "1989.01.03"]
[Round "6"]
[White "Spears, Nicholas"]
[Black "Gibbons, Michael"]
[Result "1-0"]
[WhiteElo "2129"]
[BlackElo "1869"]
[PlyCount "113"]
[GameId "2160767912520098"]
[EventDate "1988.12.26"]
[EventType "tourn"]
[EventRounds "9"]
[EventCountry "CAN"]
[SourceTitle "hb 2019"]

1. d4 Nf6 2. c4 e6 3. Nc3 Bb4 4. e3 b6 5. Nge2 O-O 6. a3 Bxc3+ 7. Nxc3 Bb7 8. Bd3 d5 9. cxd5 exd5 10. O-O Nbd7 11. b4 Re8 12. Qb3 Nf8 13. Bb2 Ng6 14. Rae1 Nh4 15. f3 Nh5 16. Qc2 Ng6 17. Qf2 Rc8 18. g3 c5 19. bxc5 bxc5 20. dxc5 Rxc5 21. e4 Ngf4 22. Qxc5 Nxd3 23. Qb5 Nxe1 24. Rxe1 Qb6+ 25. Qxb6 axb6 26. Nb5 Re7 27. Rd1 Rd7 28. exd5 Bxd5 29. Nc7 Bc6 30. Rxd7 Bxd7 31. Nd5 b5 32. g4 Be6 33. Nc7 Nf4 34. Nxb5 Bd5 35. Nd4 Bc4 36. Nc2 Bd5 37. Ne1 Bc4 38. a4 Kf8 39. Kf2 Nd5 40. a5 g6 41. Ng2 Ke7 42. f4 Kd6 43. Kf3 Kc5 44. Bc1 Kb5 45. Bd2 Bd3 46. g5 Bb1 47. h4 Ne7 48. Ne3 Bd3 49. Ng4 Nf5 50. Ne5 Bc2 51. Be1 Bb3 52. Ke4 Nd6+ 53. Kd3 Be6 54. Nf3 Nf5 55. Ke4 Kc5 56. Ke5 Ne3 57. Bf2 1-0

[Event "CAN-ch U20 1988-89"]
[Site "Winnipeg CAN"]
[Date "1989.01.04"]
[Round "7"]
[White "Gibbons, Michael"]
[Black "Huber, Gregory"]
[Result "0-1"]
[WhiteElo "1869"]
[BlackElo "2123"]
[PlyCount "46"]
[GameId "2160767912520099"]
[EventDate "1988.12.26"]
[EventType "tourn"]
[EventRounds "9"]
[EventCountry "CAN"]
[SourceTitle "Albertabase"]
[SourceDate "2003.08.17"]
[SourceVersion "1"]
[SourceVersionDate "2003.08.17"]
[SourceQuality "1"]

1. e4 c5 2. d3 Nc6 3. f4 e6 4. Nf3 Nf6 5. c3 d5 6. e5 Nd7 7. Be3 Be7 8. g3 O-O 9. Bf2 Qc7 10. Qe2 b5 11. h4 Bb7 12. d4 b4 13. Bh3 bxc3 14. bxc3 cxd4 15. cxd4 Nb4 16. Kd1 Ba6 17. Qd2 Rfc8 18. Ne1 Rab8 19. Na3 Qa5 20. Nac2 Qa4 21. a3 Nxc2 22. Nxc2 Rb2 23. Rc1 Bxa3 0-1

[Event "CAN-ch U20 1988-89"]
[Site "Winnipeg CAN"]
[Date "1989.01.04"]
[Round "7"]
[White "Littke, Adam"]
[Black "Huda, Rehan"]
[Result "0-1"]
[WhiteElo "1966"]
[BlackElo "2340"]
[PlyCount "126"]
[GameId "2160767912520100"]
[EventDate "1988.12.26"]
[EventType "tourn"]
[EventRounds "9"]
[EventCountry "CAN"]
[SourceTitle "hb 2019"]

1. d4 Nf6 2. c4 c5 3. d5 b5 4. Nf3 bxc4 5. Nc3 d6 6. e4 Nbd7 7. Bxc4 g6 8. O-O Bg7 9. h3 O-O 10. Bf4 Nb6 11. Bd3 Nfd7 12. Qe2 Bb7 13. Rac1 a5 14. Rfd1 f6 15. Nb5 Ne5 16. Nxe5 fxe5 17. Bg5 Bc8 18. Qe3 Qd7 19. Be2 Ba6 20. Na3 Bxe2 21. Qxe2 h6 22. Be3 Rfb8 23. Rd2 Qa4 24. Qg4 Kh7 25. Qh4 Qe8 26. Bg5 Rb7 27. Nc4 Nxc4 28. Rxc4 Qf8 29. Be3 Rab8 30. b3 Rb4 31. Rdc2 Bf6 32. Qg3 Qe8 33. Qg4 a4 34. bxa4 Qxa4 35. Qe2 Rxc4 36. Rxc4 Rb1+ 37. Kh2 Qa3 38. Rc2 Qb4 39. Bc1 Qa4 40. f3 Bh4 41. Qc4 Qxc4 42. Rxc4 Bf2 43. g3 Bd4 44. Rc2 Kg7 45. Kg2 h5 46. g4 hxg4 47. hxg4 e6 48. Bg5 Kf7 49. Kg3 exd5 50. exd5 Ke8 51. Rh2 c4 52. Rh7 c3 53. Re7+ Kf8 54. Rc7 Bc5 55. Be7+ Ke8 56. Bxd6 Bxd6 57. Rxc3 Kd7 58. Rb3 Rd1 59. Rb5 Rd2 60. Ra5 e4+ 61. f4 g5 62. Ra7+ Kc8 63. Rf7 Bxf4+ 0-1

[Event "CAN-ch U20 1988-89"]
[Site "Winnipeg CAN"]
[Date "1989.01.04"]
[Round "7"]
[White "Perron, Sean"]
[Black "Spears, Nicholas"]
[Result "0-1"]
[WhiteElo "1719"]
[BlackElo "2129"]
[PlyCount "70"]
[GameId "2160767912520101"]
[EventDate "1988.12.26"]
[EventType "tourn"]
[EventRounds "9"]
[EventCountry "CAN"]
[SourceTitle "hb 2019"]

1. e4 e5 2. Nf3 Nf6 3. Nc3 d6 4. d4 Nbd7 5. dxe5 dxe5 6. Bc4 Bb4 7. O-O Bxc3 8. bxc3 O-O 9. Ba3 c5 10. Bd3 Qc7 11. c4 Ne8 12. Bc1 Nb6 13. h3 Be6 14. Qe2 f6 15. Be3 Rc8 16. Nd2 g5 17. a4 Qf7 18. a5 Nd7 19. Rfb1 Nd6 20. Qf1 Rc7 21. f3 b6 22. Ra4 Rfc8 23. Kh2 h5 24. a6 h4 25. Rb2 b5 26. cxb5 Nb6 27. Ra3 c4 28. Bxb6 axb6 29. a7 Rxa7 30. Rxa7 Qxa7 31. Bxc4 Bxc4 32. Nxc4 Nxc4 33. Rb4 Qc7 34. Qd3 Qc5 35. c3 Qd6 0-1

[Event "CAN-ch U20 1988-89"]
[Site "Winnipeg CAN"]
[Date "1989.01.04"]
[Round "7"]
[White "Southam, Todd"]
[Black "Odachowski, Arthur"]
[Result "1-0"]
[Annotator ",Hugh"]
[WhiteElo "1202"]
[BlackElo "2022"]
[PlyCount "69"]
[GameId "2160767741031140"]
[EventDate "1988.12.26"]
[EventType "tourn"]
[EventRounds "9"]
[EventCountry "CAN"]
[SourceTitle "hb 2019"]

1. d4 Nf6 2. c4 g6 3. Nc3 Bg7 4. e4 d6 5. Be2 O-O 6. Nf3 e5 7. O-O Nc6 8. d5 Ne7 9. Nd2 c5 10. dxc6 bxc6 11. b4 d5 12. b5 d4 13. Na4 cxb5 14. cxb5 d3 15. Bf3 Qa5 16. Ba3 Qd8 17. Nc5 a6 18. b6 Qxb6 19. Nc4 Qc7 20. Rc1 Bb7 21. Nxd3 Bxe4 22. Ncxe5 Qb7 23. Bxe4 Nxe4 24. Qa4 Rfe8 25. Rfe1 Nf6 26. Rb1 Qd5 27. Nf4 Qd8 28. Rbd1 Qb8 29. Qc4 Ned5 30. Nxd5 Rxe5 31. Nc7 Rxe1+ 32. Rxe1 Ra7 33. Re7 Qb1+ 34. Bc1 Nd5 35. Nxd5 {Time.} 1-0

[Event "CAN-ch U20 1988-89"]
[Site "Winnipeg CAN"]
[Date "1989.01.05"]
[Round "8"]
[White "Huda, Rehan"]
[Black "Southam, Todd"]
[Result "1-0"]
[WhiteElo "2340"]
[BlackElo "2302"]
[PlyCount "81"]
[GameId "2160767912520103"]
[EventDate "1988.12.26"]
[EventType "tourn"]
[EventRounds "9"]
[EventCountry "CAN"]
[SourceTitle "CFC 1989.06"]

1. Nf3 d5 2. d4 Nf6 3. c4 e6 4. g3 dxc4 5. Qa4+ Nbd7 6. Bg2 a6 7. Nc3 Rb8 8. Qxc4 b5 9. Qd3 Bb7 10. O-O Be7 11. Bf4 O-O 12. a3 a5 13. Rac1 b4 14. axb4 axb4 15. Na4 Nd5 16. Bd2 Ra8 17. Qb3 Ba6 18. Rfe1 Bb5 19. Nc5 Nxc5 20. dxc5 Ba4 21. Qc4 c6 22. e4 Bb5 23. Qd4 Bf6 24. e5 Be7 25. Qg4 Kh8 26. Nd4 Ra2 27. Nxb5 cxb5 28. Qd4 Nc7 29. Qxb4 Ra4 30. Qc3 Rc4 31. Qe3 Bxc5 32. Qe2 Rxc1 33. Rxc1 Bb6 34. Bb4 Rg8 35. Rd1 Qc8 36. Rd6 Ba7 37. Qc2 Na8 38. Qxc8 Rxc8 39. Ra6 Rc1+ 40. Bf1 Rc7 41. Bd6 1-0

[Event "CAN-op"]
[Site "Scarborough CAN"]
[Date "1988.07.15"]
[Round "1"]
[White "Haley, Phil"]
[Black "Nickoloff, Bryon"]
[Result "1/2-1/2"]
[WhiteElo "1795"]
[BlackElo "2439"]
[PlyCount "50"]
[GameId "2160767912520566"]
[EventDate "1988.07.15"]
[EventType "swiss"]
[EventRounds "10"]
[EventCountry "CAN"]
[SourceTitle "EXT 2022"]
[Source "ChessBase"]
[SourceDate "2021.10.06"]
[SourceVersion "1"]
[SourceVersionDate "2021.10.06"]
[SourceQuality "1"]

1. d4 Nf6 2. Nf3 g6 3. Nbd2 c5 4. e3 Qc7 5. c3 d5 6. Ne5 Bg7 7. Be2 O-O 8. O-O b6 9. f4 Bb7 10. Qe1 Ne8 11. Qg3 f6 12. Ng4 e6 13. Nf3 Nd6 14. Bd2 Qe7 15. Qh3 Ba6 16. Rae1 Bxe2 17. Rxe2 Nd7 18. Rfe1 e5 19. dxe5 fxe5 20. Ng5 Bf6 21. Ne6 Rfc8 22. Nh6+ Kh8 23. fxe5 Bxe5 24. e4 Nxe4 25. Bg5 Bf6 1/2-1/2

[Event "CAN-op"]
[Site "Scarborough CAN"]
[Date "1988.07.15"]
[Round "1"]
[White "Leclerc, Rene"]
[Black "Veltmann, Martin"]
[Result "0-1"]
[WhiteElo "1676"]
[BlackElo "2004"]
[PlyCount "92"]
[GameId "2160767912520567"]
[EventDate "1988.07.15"]
[EventType "swiss"]
[EventRounds "10"]
[EventCountry "CAN"]
[SourceTitle "mv"]

1. d4 Nf6 2. c4 g6 3. Nc3 Bg7 4. e4 O-O 5. Bd3 d6 6. Nge2 Nbd7 7. O-O e5 8. Be3 Ng4 9. h3 Nxe3 10. fxe3 Qg5 11. Rf3 c6 12. Kh2 h5 13. Ng3 exd4 14. exd4 Bxd4 15. Nge2 Bg7 16. g3 Ne5 17. Rf4 Be6 18. b3 h4 19. gxh4 Qh6 20. Bc2 g5 21. Rf5 Qxh4 22. Ng3 Ng4+ 23. Qxg4 Qxg4 24. hxg4 Bxf5 25. Nxf5 Bxc3 26. Rf1 Be5+ 27. Kg2 f6 28. Rh1 b5 29. cxb5 cxb5 30. b4 Kf7 31. Rh7+ Kg8 32. Rh1 Kf7 33. Rh7+ Ke8 34. Ng7+ Kd7 35. Bb3 Rh8 36. Be6+ Kc6 37. Bd5+ Kb6 38. Bxa8 Rxh7 39. Nf5 Rh2+ 40. Kf3 Rxa2 41. Ne7 a5 42. Bd5 Ra3+ 43. Ke2 axb4 44. Nc6 b3 45. Kd2 b2 46. Kc2 Ra1 0-1

[Event "CAN-op"]
[Site "Scarborough CAN"]
[Date "1988.07.15"]
[Round "1"]
[White "Lee, R."]
[Black "Pacey, Kevin"]
[Result "0-1"]
[WhiteElo "1581"]
[BlackElo "2298"]
[PlyCount "42"]
[GameId "2160767912520568"]
[EventDate "1988.07.15"]
[EventType "swiss"]
[EventRounds "10"]
[EventCountry "CAN"]
[SourceTitle "EXT 2022"]
[Source "ChessBase"]
[SourceDate "2021.10.06"]
[SourceVersion "1"]
[SourceVersionDate "2021.10.06"]
[SourceQuality "1"]

1. e4 e5 2. Nf3 Nc6 3. Bb5 a6 4. Ba4 Nf6 5. O-O b5 6. Bb3 Bb7 7. d4 Nxd4 8. Nxd4 exd4 9. Bg5 h6 10. Bh4 Be7 11. e5 Ne4 12. Bxe7 Qxe7 13. Qxd4 c5 14. Qd3 c4 15. Bxc4 bxc4 16. Qxc4 Qxe5 17. Re1 O-O 18. Nc3 d5 19. Qd3 Qf6 20. Nxd5 Qxf2+ 21. Kh1 Qxe1+ 0-1

[Event "CAN-op"]
[Site "Scarborough CAN"]
[Date "1988.07.16"]
[Round "2"]
[White "Pacey, Kevin"]
[Black "Sharpe, Sam"]
[Result "1-0"]
[WhiteElo "2298"]
[BlackElo "1969"]
[PlyCount "114"]
[GameId "2160767912520571"]
[EventDate "1988.07.15"]
[EventType "swiss"]
[EventRounds "10"]
[EventCountry "CAN"]
[SourceTitle "EXT 2022"]
[Source "ChessBase"]
[SourceDate "2021.10.06"]
[SourceVersion "1"]
[SourceVersionDate "2021.10.06"]
[SourceQuality "1"]

1. e4 e5 2. Nf3 Nc6 3. Bc4 Bc5 4. Nc3 Nf6 5. d3 h6 6. h3 d6 7. Na4 Bb6 8. c3 Be6 9. Bb5 Bd7 10. O-O O-O 11. Re1 Re8 12. Nxb6 cxb6 13. Nh4 a6 14. Ba4 b5 15. Bc2 d5 16. Qf3 dxe4 17. dxe4 Rc8 18. Rd1 Qe7 19. Be3 Nh7 20. Nf5 Bxf5 21. Qxf5 Qf6 22. Rd7 Qxf5 23. exf5 Re7 24. Rad1 Nf6 25. Rxe7 Nxe7 26. a3 Ned5 27. Bc1 Rd8 28. a4 bxa4 29. Bxa4 b5 30. Bb3 Rd7 31. g3 Nb6 32. Rxd7 Nfxd7 33. Bc2 Nf6 34. b3 Nbd5 35. Bd2 Kf8 36. c4 bxc4 37. bxc4 Nc7 38. Bb4+ Kg8 39. Bd6 Nfe8 40. Bxe5 f6 41. Bf4 Kf7 42. Ba4 Ke7 43. Be3 Nd6 44. Bc5 a5 45. g4 Na6 46. Bd4 Ne4 47. Bb5 Nec5 48. Kf1 Kd6 49. Ke2 Nb4 50. Bc3 Nb3 51. h4 Nc5 52. f3 Ncd3 53. g5 hxg5 54. hxg5 fxg5 55. Bxg7 Ne5 56. Bf6 g4 57. Bxe5+ Kxe5 1-0

[Event "CAN-op"]
[Site "Scarborough CAN"]
[Date "1988.07.16"]
[Round "2"]
[White "Veltmann, Martin"]
[Black "Cox, Terrence"]
[Result "1-0"]
[WhiteElo "2004"]
[BlackElo "1845"]
[PlyCount "73"]
[GameId "2160767912520572"]
[EventDate "1988.07.15"]
[EventType "swiss"]
[EventRounds "10"]
[EventCountry "CAN"]
[SourceTitle "mv"]

1. c4 d6 2. Nc3 Nf6 3. d4 g6 4. e4 Bg7 5. f3 O-O 6. Be3 c6 7. Qd2 e5 8. d5 cxd5 9. cxd5 a6 10. Bd3 Nbd7 11. Nge2 Qa5 12. O-O Nc5 13. Bc2 b5 14. Nc1 b4 15. N3e2 Bd7 16. Nd3 Nxd3 17. Bxd3 Bb5 18. Nc1 Rab8 19. a3 Rfc8 20. Bxb5 Rxb5 21. Nd3 bxa3 22. Rxa3 Qxd2 23. Bxd2 Ra8 24. Rfa1 Bf8 25. Rxa6 Rab8 26. Ra8 Kg7 27. Rxb8 Rxb8 28. Kf2 Nd7 29. b4 Nb6 30. Rc1 Rb7 31. Be3 Nd7 32. Ke2 f5 33. b5 Be7 34. Rc6 Kf7 35. b6 Ke8 36. Rc8+ Kf7 37. Rc7 1-0

[Event "CAN-op"]
[Site "Scarborough CAN"]
[Date "1988.07.16"]
[Round "3"]
[White "Bergeron, Florian"]
[Black "Pacey, Kevin"]
[Result "0-1"]
[WhiteElo "2015"]
[BlackElo "2298"]
[PlyCount "54"]
[GameId "2160767912520573"]
[EventDate "1988.07.15"]
[EventType "swiss"]
[EventRounds "10"]
[EventCountry "CAN"]
[SourceTitle "EXT 2022"]
[Source "ChessBase"]
[SourceDate "2021.10.06"]
[SourceVersion "1"]
[SourceVersionDate "2021.10.06"]
[SourceQuality "1"]

1. d4 Nf6 2. Nf3 e6 3. Bg5 c5 4. c3 Qb6 5. Qc2 Nc6 6. e3 d5 7. Nbd2 Bd7 8. Bd3 Rc8 9. O-O cxd4 10. Bxf6 gxf6 11. Rfe1 Nb4 12. Qb1 dxc3 13. bxc3 Rxc3 14. Qb2 Qc7 15. Bb1 e5 16. a3 Na6 17. e4 d4 18. Ba2 Nc5 19. Bc4 Rxc4 20. Nxc4 Nd3 21. Qb3 Nxe1 22. Rxe1 b5 23. Ncd2 Qc3 24. Qa2 Bh6 25. Nb1 Qc4 26. Qb2 O-O 27. Nbd2 Qc3 0-1

[Event "CAN-op"]
[Site "Scarborough CAN"]
[Date "1988.07.16"]
[Round "3"]
[White "Pelts, Roman"]
[Black "Veltmann, Martin"]
[Result "1-0"]
[WhiteElo "2469"]
[BlackElo "2004"]
[PlyCount "81"]
[GameId "2160767912520575"]
[EventDate "1988.07.15"]
[EventType "swiss"]
[EventRounds "10"]
[EventCountry "CAN"]
[SourceTitle "mv"]

1. Nf3 g6 2. d4 Bg7 3. g3 Nf6 4. Bg2 O-O 5. c4 d6 6. O-O c5 7. Nc3 Nbd7 8. h3 cxd4 9. Nxd4 Ne5 10. b3 a6 11. Be3 Bd7 12. Qd2 Nc6 13. Rac1 Nxd4 14. Bxd4 Bc6 15. Rfd1 Rc8 16. e4 b5 17. cxb5 axb5 18. b4 Nd7 19. Bxg7 Kxg7 20. Qe2 Qb6 21. Bf1 Qb7 22. a4 Nf6 23. Bg2 Rb8 24. Qe3 Qb6 25. Qxb6 Rxb6 26. a5 Ra6 27. e5 dxe5 28. Bxc6 Rxc6 29. Nxb5 Rxc1 30. Rxc1 Nd5 31. a6 Nxb4 32. Nc7 Nxa6 33. Nxa6 h5 34. Nc5 Ra8 35. Nd3 f6 36. h4 Ra3 37. Nb4 f5 38. Rc7 Kf6 39. Nd5+ Ke6 40. Nxe7 Kd6 41. Rb7 1-0

[Event "CAN-op"]
[Site "Scarborough CAN"]
[Date "1988.07.17"]
[Round "4"]
[White "Long, Bob"]
[Black "Kaminker, Harry"]
[Result "0-1"]
[WhiteElo "2121"]
[BlackElo "2294"]
[PlyCount "46"]
[GameId "2160767912520578"]
[EventDate "1988.07.15"]
[EventType "swiss"]
[EventRounds "10"]
[EventCountry "CAN"]
[SourceTitle "CFC 1988.10"]

1. d4 e6 2. Nf3 c5 3. c3 f5 4. d5 Nf6 5. dxe6 d5 6. Qa4+ Nc6 7. Ng5 Qe7 8. Na3 Ne4 9. h4 a6 10. Nb5 Rb8 11. Na7 b5 12. Nxc6 bxa4 13. Nxe7 Bxe7 14. Nxe4 fxe4 15. Bf4 Rxb2 16. Be5 O-O 17. f4 e3 18. Rh3 d4 19. cxd4 cxd4 20. O-O-O Ba3 21. Rxd4 Bxe6 22. Rd3 Rc8+ 23. Rc3 Rxa2+ 0-1

[Event "CAN-op"]
[Site "Scarborough CAN"]
[Date "1988.07.17"]
[Round "4"]
[White "Pacey, Kevin"]
[Black "Amin, Mohammad"]
[Result "1/2-1/2"]
[WhiteElo "2298"]
[BlackElo "2300"]
[PlyCount "75"]
[GameId "2160767912520579"]
[EventDate "1988.07.15"]
[EventType "swiss"]
[EventRounds "10"]
[EventCountry "CAN"]
[SourceTitle "EXT 2022"]
[Source "ChessBase"]
[SourceDate "2021.10.06"]
[SourceVersion "1"]
[SourceVersionDate "2021.10.06"]
[SourceQuality "1"]

1. e4 e5 2. Nf3 Nf6 3. d4 d5 4. Nxe5 Nxe4 5. Bd3 Nc6 6. Nxc6 bxc6 7. Nc3 Nf6 8. Bg5 Be7 9. O-O O-O 10. Re1 h6 11. Bh4 Re8 12. Na4 Ne4 13. Bxe7 Rxe7 14. f3 Nd6 15. Re5 f6 16. Rxe7 Qxe7 17. Qe1 Qf7 18. Qc3 Bd7 19. Re1 Re8 20. Rxe8+ Qxe8 21. Kf2 Qh5 22. Qe1 Bf5 23. Bxf5 Qxf5 24. Qd1 Qh5 25. Kg1 Qg5 26. Qe1 h5 27. Nc5 Nf5 28. Ne6 Qe3+ 29. Qxe3 Nxe3 30. c3 Nd1 31. Nd8 Nxb2 32. Nxc6 Kf8 33. Nxa7 Na4 34. Nb5 c6 35. Na7 Nxc3 36. Nxc6 Nxa2 37. Kf2 Ke8 38. Ke3 1/2-1/2

[Event "CAN-op"]
[Site "Scarborough CAN"]
[Date "1988.07.17"]
[Round "4"]
[White "Veltmann, Martin"]
[Black "Lee, Roland"]
[Result "1-0"]
[WhiteElo "2004"]
[BlackElo "1769"]
[PlyCount "49"]
[GameId "2160767912520580"]
[EventDate "1988.07.15"]
[EventType "swiss"]
[EventRounds "10"]
[EventCountry "CAN"]
[SourceTitle "mv"]

1. c4 Nf6 2. Nc3 g6 3. e4 d6 4. d4 Bg7 5. f3 O-O 6. Be3 Nbd7 7. Qd2 c5 8. Nge2 cxd4 9. Nxd4 Ne5 10. O-O-O a6 11. Kb1 Bd7 12. h4 Rc8 13. h5 Nxh5 14. Bh6 Bxh6 15. Qxh6 f5 16. exf5 Nf7 17. Qd2 Ng3 18. fxg6 Nxh1 19. Bd3 Ng3 20. Qf4 e5 21. Qxg3 exd4 22. gxf7+ Kxf7 23. Ne4 Rc6 24. Ng5+ Kf6 25. Nxh7+ 1-0

[Event "CAN-op"]
[Site "Scarborough CAN"]
[Date "1988.07.18"]
[Round "5"]
[White "Fletcher, Andy"]
[Black "Pacey, Kevin"]
[Result "0-1"]
[WhiteElo "2094"]
[BlackElo "2298"]
[PlyCount "155"]
[GameId "2160767912520582"]
[EventDate "1988.07.15"]
[EventType "swiss"]
[EventRounds "10"]
[EventCountry "CAN"]
[SourceTitle "EXT 2022"]
[Source "ChessBase"]
[SourceDate "2021.10.06"]
[SourceVersion "1"]
[SourceVersionDate "2021.10.06"]
[SourceQuality "1"]

1. e4 d6 2. d4 Nf6 3. Nc3 g6 4. f4 Bg7 5. Nf3 O-O 6. Be2 c5 7. e5 Nfd7 8. exd6 cxd4 9. Ne4 Nc5 10. Nxc5 Qa5+ 11. Bd2 Qxc5 12. Bd3 Qxd6 13. O-O Na6 14. Qe2 Nc5 15. Bb4 Qb6 16. Bxc5 Qxc5 17. Rae1 e6 18. Ne5 f6 19. Nf3 Re8 20. Qf2 Rd8 21. Re4 Bd7 22. Qxd4 Qxd4+ 23. Rxd4 Bc6 24. Bc4 Re8 25. Rd6 Bf8 26. Rxe6 Bc5+ 27. Kh1 Rxe6 28. Bxe6+ Kf8 29. Bc4 Re8 30. Re1 Be3 31. Rf1 Re4 32. Bd3 Rxf4 33. Ne1 Rxf1+ 34. Bxf1 Ke7 35. Nd3 Kd6 36. h3 f5 37. Kh2 f4 38. Be2 b6 39. Bd1 Be8 40. Bf3 g5 41. h4 h6 42. hxg5 hxg5 43. g3 fxg3+ 44. Kxg3 a5 45. Be4 Bh5 46. Bf3 Bf7 47. a3 Ke6 48. Be4 Kf6 49. Kf3 Bg1 50. Kg2 Be3 51. Kf3 Bd4 52. Ke2 Bh5+ 53. Kd2 Bf7 54. c3 Bg1 55. b4 axb4 56. cxb4 Be8 57. Ke2 g4 58. Bd5 Bd4 59. Bb3 Bc6 60. Kf1 Kg5 61. Be6 g3 62. Bh3 Be4 63. Ne1 Bc3 64. Ke2 Bc6 65. Bg2 Bxg2 66. Nxg2 Kg4 67. b5 Bd4 68. Ne1 Kf4 69. Ng2+ Ke4 70. Ne1 Bf2 71. Nd3 Be3 72. Ne1 Bc5 73. a4 Be7 74. Nc2 Bd6 75. Ne3 Bc7 76. Ng2 Kd4 77. Kf3 Kc5 78. Ne3 0-1

[Event "CAN-op"]
[Site "Scarborough CAN"]
[Date "1988.07.18"]
[Round "5"]
[White "Walker, Keith"]
[Black "Veltmann, Martin"]
[Result "0-1"]
[WhiteElo "1798"]
[BlackElo "2004"]
[PlyCount "30"]
[GameId "2160767912520583"]
[EventDate "1988.07.15"]
[EventType "swiss"]
[EventRounds "10"]
[EventCountry "CAN"]
[SourceTitle "mv"]

1. d4 Nf6 2. Nf3 g6 3. Bf4 Bg7 4. e3 d6 5. Bd3 O-O 6. Nbd2 Nbd7 7. O-O Re8 8. c3 e5 9. Bg5 h6 10. Qb3 hxg5 11. Bxg6 d5 12. Nxg5 fxg6 13. Nde4 Nf8 14. f4 Nxe4 15. Nxe4 exd4 0-1

[Event "CAN-op"]
[Site "Scarborough CAN"]
[Date "1988.07.19"]
[Round "6"]
[White "Bailey, Doug"]
[Black "Amin, Mohammad"]
[Result "1-0"]
[WhiteElo "2422"]
[BlackElo "2320"]
[PlyCount "81"]
[GameId "2160767912520584"]
[EventDate "1988.07.15"]
[EventType "swiss"]
[EventRounds "10"]
[EventCountry "CAN"]
[SourceTitle "CFC 1988.10"]

1. e4 e5 2. Nf3 Nf6 3. Nxe5 d6 4. Nf3 Nxe4 5. Qe2 Qe7 6. d3 Nf6 7. Bg5 Qxe2+ 8. Bxe2 Be7 9. Nc3 c6 10. O-O-O Na6 11. Ne4 Nxe4 12. dxe4 Nc5 13. Bxe7 Kxe7 14. Rhe1 Be6 15. Ng5 h6 16. Nxe6 fxe6 17. b4 Nd7 18. Rd2 Rad8 19. c4 c5 20. a3 b6 21. f4 Rhf8 22. g3 g5 23. Rf1 gxf4 24. gxf4 e5 25. f5 Nf6 26. Bf3 Rg8 27. Rfd1 h5 28. Kc2 h4 29. Kc3 Ng4 30. Bxg4 Rxg4 31. Kd3 b5 32. Ke3 cxb4 33. c5 bxa3 34. cxd6+ Kd7 35. Rd5 b4 36. Rb5 Rc8 37. Rb7+ Kd8 38. d7 Rc3+ 39. Kf2 Rc2+ 40. Kf1 Rf4+ 41. Kg1 1-0

[Event "CAN-op"]
[Site "Scarborough CAN"]
[Date "1988.07.19"]
[Round "6"]
[White "Pacey, Kevin"]
[Black "Nickoloff, Bryon"]
[Result "0-1"]
[WhiteElo "2415"]
[BlackElo "2410"]
[PlyCount "74"]
[GameId "2160767912520586"]
[EventDate "1988.07.15"]
[EventType "swiss"]
[EventRounds "10"]
[EventCountry "CAN"]
[SourceTitle "EXT 2022"]
[Source "ChessBase"]
[SourceDate "2021.10.06"]
[SourceVersion "1"]
[SourceVersionDate "2021.10.06"]
[SourceQuality "1"]

1. e4 e5 2. Nf3 Nc6 3. Nc3 Nf6 4. Bb5 Bb4 5. O-O O-O 6. d3 d6 7. Bg5 Bxc3 8. bxc3 Qe7 9. Re1 Nd8 10. d4 c5 11. dxe5 dxe5 12. Bc4 Ne6 13. Bc1 Rd8 14. Bd5 Nxd5 15. exd5 f6 16. c4 b5 17. cxb5 c4 18. a4 Bb7 19. Ba3 Qe8 20. d6 a6 21. Rb1 axb5 22. Rxb5 Qc6 23. c3 Nf4 24. Rc5 Qxa4 25. Qxa4 Rxa4 26. Bb4 Bxf3 27. gxf3 Nd3 28. Rb1 Nxc5 29. Bxc5 Rd7 30. Rb8+ Kf7 31. Bb4 Ke6 32. Rb6 g5 33. Kg2 h5 34. Rc6 Kd5 35. Rc8 Rxb4 36. cxb4 Rxd6 37. Kf1 Rb6 0-1

[Event "CAN-op"]
[Site "Scarborough CAN"]
[Date "1988.07.19"]
[Round "6"]
[White "Pelts, Roman"]
[Black "Day, Lawrence"]
[Result "1/2-1/2"]
[WhiteElo "2409"]
[BlackElo "2422"]
[PlyCount "93"]
[GameId "2160767912520587"]
[EventDate "1988.07.15"]
[EventType "swiss"]
[EventRounds "10"]
[EventCountry "CAN"]
[SourceTitle "EXT 2022"]
[Source "ChessBase"]
[SourceDate "2021.10.06"]
[SourceVersion "1"]
[SourceVersionDate "2021.10.06"]
[SourceQuality "1"]

1. c4 Nf6 2. Nf3 e6 3. g3 d5 4. Bg2 Be7 5. O-O O-O 6. d4 dxc4 7. Qc2 a6 8. a4 Bd7 9. Ne5 Bc6 10. Nxc6 Nxc6 11. e3 Na5 12. Nd2 c5 13. Nxc4 cxd4 14. Nxa5 Qxa5 15. exd4 Nd5 16. Qb3 Rab8 17. Rd1 Bb4 18. h4 Rfd8 19. Bg5 Rd7 20. Qd3 h6 21. Bd2 Rbd8 22. Bxb4 Qxb4 23. Qa3 a5 24. Bxd5 Qxa3 25. Rxa3 Rxd5 26. Rb3 R8d7 27. Rc1 Rxd4 28. Rc8+ Kh7 29. Rb8 Rxa4 30. R3xb7 Rxb7 31. Rxb7 Kg6 32. Ra7 f5 33. b4 Rxb4 34. Rxa5 Rg4 35. Kg2 Kf6 36. Rb5 g6 37. Kh3 Ra4 38. Rb8 g5 39. hxg5+ hxg5 40. Kg2 g4 41. Rb5 Ra1 42. Rb2 Re1 43. Rd2 e5 44. Rd6+ Kf7 45. Ra6 f4 46. gxf4 exf4 47. Ra4 1/2-1/2

[Event "CAN-op"]
[Site "Scarborough CAN"]
[Date "1988.07.19"]
[Round "6"]
[White "Veltmann, Martin"]
[Black "Jung, Hans"]
[Result "0-1"]
[WhiteElo "2004"]
[BlackElo "2178"]
[PlyCount "63"]
[GameId "2160767912520588"]
[EventDate "1988.07.15"]
[EventType "swiss"]
[EventRounds "10"]
[EventCountry "CAN"]
[SourceTitle "mv"]

1. c4 e5 2. Nc3 d6 3. g3 g6 4. Bg2 Bg7 5. Nf3 Ne7 6. O-O O-O 7. d3 h6 8. Bd2 c6 9. b4 Be6 10. a4 d5 11. cxd5 cxd5 12. Rc1 Qd7 13. b5 Bh3 14. Bxh3 Qxh3 15. Qb3 Rd8 16. Rc2 Rd6 17. Rfc1 Nd7 18. Nd1 e4 19. dxe4 dxe4 20. Bb4 Re6 21. Rc7 Rd8 22. Bxe7 exf3 23. Qxf3 Rxe7 24. Ne3 b6 25. Rd1 Rde8 26. Qc6 Ne5 27. Rxe7 Rxe7 28. Qa8+ Kh7 29. Qe4 h5 30. Rd8 Ng4 31. Qg2 Qxg2+ 32. Kxg2 0-1

[Event "CAN-op"]
[Site "Scarborough CAN"]
[Date "1988.07.19"]
[Round "7"]
[White "Veltmann, Martin"]
[Black "Solis, Jaime"]
[Result "1/2-1/2"]
[WhiteElo "2004"]
[BlackElo "1887"]
[PlyCount "117"]
[GameId "2160767912520589"]
[EventDate "1988.07.15"]
[EventType "swiss"]
[EventRounds "10"]
[EventCountry "CAN"]
[SourceTitle "mv"]

1. c4 Nf6 2. Nc3 c5 3. Nf3 Nc6 4. g3 g6 5. Bg2 Bg7 6. O-O O-O 7. a3 b6 8. Ne5 Bb7 9. Nxc6 dxc6 10. d3 e5 11. Bg5 Qd7 12. Qd2 Rfe8 13. Rfd1 Rac8 14. a4 a5 15. Qc1 Qe6 16. Bh6 Bh8 17. Qc2 Qd6 18. Ne4 Nxe4 19. Bxe4 f5 20. Bg2 Bf6 21. Bd2 Rcd8 22. Bc3 Bg7 23. Kh1 Bc8 24. b3 Bd7 25. Qb2 Re7 26. Bd2 h6 27. Bc3 Kh7 28. e4 Rde8 29. Qe2 Rf7 30. exf5 gxf5 31. Re1 Kh8 32. Qh5 Ree7 33. Qd1 Rf8 34. Qd2 Kh7 35. Re2 Rfe8 36. Rae1 Kh8 37. Qb2 Kh7 38. h4 Kg8 39. Kg1 Kh7 40. Kh1 Kg8 41. Bf3 f4 42. Kh2 Qxd3 43. Bh5 fxg3+ 44. fxg3 Rf8 45. Bxe5 Qf5 46. g4 Bxe5+ 47. Rxe5 Qf4+ 48. Kh1 Rxe5 49. Qxe5 Qf3+ 50. Kh2 Qf2+ 51. Kh1 Qxh4+ 52. Kg2 Bxg4 53. Bxg4 Qxg4+ 54. Qg3 h5 55. Re6 Qxg3+ 56. Kxg3 Rd8 57. Rxc6 Rd3+ 58. Kh4 Rxb3 59. Kxh5 1/2-1/2